Textbook of Workshop Technology (Record no. 267914)

000 -LEADER
fixed length control field 00253 a2200109 4500
001 - CONTROL NUMBER
control field 32841
090 ## - LOCALLY ASSIGNED LC-TYPE CALL NUMBER (OCLC); LOCAL CALL NUMBER (RLIN)
-- 22009
-- 22009
100 ## - MAIN ENTRY--PERSONAL NAME
Personal name Khurmi,R.S
245 ## - TITLE STATEMENT
Title Textbook of Workshop Technology
260 ## - PUBLICATION, DISTRIBUTION, ETC.
Place of publication, distribution, etc. New Delhi
Name of publisher, distributor, etc. S.Chand & Company Ltd
Date of publication, distribution, etc. 1981
300 ## - PHYSICAL DESCRIPTION
Extent v, 551+4
942 ## - ADDED ENTRY ELEMENTS (KOHA)
Institution code [OBSOLETE] NUST-CAE
Holdings
Withdrawn status Lost status Damaged status Not for loan Collection code Permanent Location Current Location Date acquired Total Checkouts Barcode Date last seen Price effective from Koha item type
          College of Aeronautical Engineering (CAE) College of Aeronautical Engineering (CAE) 04/03/2017   CAEN-2697 04/05/2017 04/05/2017 Book
© 2023 Central Library, National University of Sciences and Technology. All Rights Reserved.